Nasdas - Statistiques

Statistiques générales
  • Ce quiz a été pris 192 fois
  • Le résultat moyen est 9 sur 11
Statistiques - réponses
Question Réponse % Correct
Quel animal de compagnie possède Nasdas ? Chien
98%
Quel est le prénom de la femme de Nasdas ? Morgane
98%
Quel est le vrai prénom de Nasdas ? Nasser
98%
De quel origine est Nasdas ? Algérien
97%
Sur quel réseau social Nasdas publie-t-il régulièrement les aventures de la Team ? Snapchat
97%
Comment s’appelle l’enfant de Nasdas ? Aylan
94%
Dans quelle ville se situe le quartier de Nasdas ? Perpignan
93%
Quelle communauté, dont Michel fait partie, est très présente dans le quartier de Nasdas ? Gitan
81%
Comment se nomme le quartier de Nasdas ? Saint Jacques
81%
C’est moi Nasdas, j’prend toute la … j’partage ton snap Place
77%
Quel était son ancien métier ? Gendarme
25%
Aucun quiz correspondant
Distribution des résultats
% des personnes avec chaque résultat
Percentile par nombre de réponses
Votre historique - résultats
Vous n’avez pas pris ce quiz